<?xml version="1.0" encoding="UTF-8"?>
<marc:record xmlns:marc="http://www.loc.gov/MARC21/slim">
   <marc:leader>00000nam a2200000 a 4500</marc:leader>
   <marc:datafield ind1="0" ind2="0" tag="245">
      <marc:subfield code="a">Woher kommt die Liebe?</marc:subfield>
   </marc:datafield>
   <marc:datafield ind1=" " ind2="1" tag="264">
      <marc:subfield code="b">Gerstenberg</marc:subfield>
      <marc:subfield code="c">2017</marc:subfield>
   </marc:datafield>
   <marc:datafield ind1="1" ind2=" " tag="520">
      <marc:subfield code="a">In kindlicher Manier fragen sich Eichhörnchen, Elch und Ente nach dem Woher der Liebe und begeben sich auf den Weg, um andere Tiere danach zu fragen. Die unterschiedlichen Antworten, die Schwäne, Vögel, Regenwurm usw. geben, sind zwar hilfreich, letztendlich aber können die drei nicht allzu viel damit anfangen. "Die Liebe kommt von der Sonne", antworten die Blumen. "Die Liebe kommt aus dem Bauch", sagt das Känguru. Das nun können sie aber überhaupt nicht nachvollziehen, denn Eichhörnchen spürt in seinem Bauch nur Hunger, Ente Durst und Elch bekommt sogar Bauchschmerzen. Erst als sie wieder alle zusammensitzen und ihre Freundschaft genießen, wird ihnen wohlig warm ums Herz und ihnen ist klar, dass man die Liebe nicht verstehen, sondern nur fühlen kann. In detailreichen, farbenfrohen Bildern zeichnet Daniela Kulot ein immer wieder neues Bild von Liebe, das auch kleine Kinder bestens verstehen.</marc:subfield>
   </marc:datafield>
   <marc:datafield ind1=" " ind2=" " tag="020">
      <marc:subfield code="a">9783836959568</marc:subfield>
      <marc:subfield code="9">9783836959568</marc:subfield>
   </marc:datafield>
</marc:record>
